[Event "Invitational"]
[Site "Seattle"]
[Date "2008.02.16"]
[Round "5"]
[White "Kolde, Sterling"]
[Black "Gale, Geoff"]
[Result "0-1"]
[WhiteElo "1825"]
[BlackElo "2042"]
[PlyCount "82"]
[EventDate "2008.02.??"]
[Source "Harrison"]
[SourceDate "2008.03.19"]

1. e4 d6 2. d4 Nf6 3. Nc3 g6 4. f4 Bg7 5. Nf3 O-O 6. Bd3 Na6 7. O-O c5 8. d5
Bg4 9. Kh1 Nc7 10. Re1 a6 11. a4 b6 12. h3 Bxf3 13. Qxf3 e6 14. g4 Nd7 15. Bc4
Rb8 16. dxe6 fxe6 17. Qd3 Bd4 18. Be3 Qh4 19. Kg2 g5 20. Rf1 gxf4 21. Bxf4 Ne5
22. Bxe5 Rf2+ 23. Rxf2 Qxf2+ 24. Kh1 Bxe5 25. Qe2 Qh4 26. Qg2 b5 27. axb5 axb5
28. Be2 b4 29. Nd1 Qe1+ 30. Qf1 Qd2 31. Ra7 Rf8 32. Nf2 Qf4 33. Qg2 Qc1+ 34.
Qg1 Qe3 35. Rxc7 Rxf2 36. Rc8+ Kg7 37. Bf1 Rh2+ 38. Qxh2 Bxh2 39. Kxh2 Qd2+ 40.
Bg2 Qxc2 41. Rc7+ Kg6 0-1

[Event "Invitational"]
[Site "Seattle"]
[Date "2008.02.16"]
[Round "6"]
[White "Do, Nhon"]
[Black "Hosford, Michael"]
[Result "1-0"]
[WhiteElo "2103"]
[BlackElo "1878"]
[PlyCount "55"]
[EventDate "2008.02.??"]
[Source "Harrison"]
[SourceDate "2008.03.19"]

1. Nf3 Nf6 2. c4 Nc6 3. d4 e6 4. a3 d6 5. Nc3 g6 6. e4 Bg7 7. Be2 O-O 8. O-O
Re8 9. Re1 e5 10. dxe5 dxe5 11. Qxd8 Nxd8 12. h3 c6 13. Be3 Nh5 (13... Nd7 $142
) 14. Rad1 Ne6 15. g3 Bf6 $2 16. Kg2 Kf8 17. c5 Nc7 18. Rd6 Be7 19. Red1 f6 20.
Bc4 g5 21. h4 h6 22. hxg5 hxg5 23. Rh1 Bxd6 24. cxd6 Nxg3 25. Kxg3 Be6 26. Be2
Nd5 27. exd5 cxd5 28. Nb5 1-0

[Event "Invitational"]
[Site "Seattle"]
[Date "2008.02.16"]
[Round "6"]
[White "Gale, Geoff"]
[Black "Calpo, Ben"]
[Result "1-0"]
[WhiteElo "2042"]
[BlackElo "2018"]
[PlyCount "87"]
[EventDate "2008.02.??"]
[Source "Harrison"]
[SourceDate "2008.03.19"]

1. e4 e6 2. d4 d5 3. Nc3 Nf6 4. e5 Nfd7 5. f4 c5 6. Nf3 Nc6 7. Be3 Be7 8. Qd2
O-O 9. h4 cxd4 10. Nxd4 Bb4 11. Bd3 Nc5 12. a3 Nxd3+ 13. cxd3 Be7 14. O-O-O Bd7
15. h5 Rc8 16. Kb1 Nxd4 17. Bxd4 b5 18. Ne2 a5 19. Bc3 Ra8 20. b4 Qb8 21. Rc1
Rc8 22. Qb2 Rc7 23. Bd4 Rb7 24. h6 g6 25. g4 axb4 26. axb4 Ra4 27. Bc5 Qf8 28.
Nd4 Rb8 29. Nb3 Rba8 30. Bxe7 Qxe7 31. Nc5 d4 32. Nxa4 Rxa4 33. Rc5 f6 34. Qxd4
fxe5 35. fxe5 Be8 36. Rhc1 g5 37. R1c2 Bc6 38. Ra2 Rxa2 39. Kxa2 Bd5+ 40. Kb2
Kf7 41. Rxb5 Kg6 42. Rb6 Qd7 43. Qf2 Qe7 44. Qh2 1-0

[Event "Invitational"]
[Site "Seattle"]
[Date "2008.02.16"]
[Round "6"]
[White "Kelley, Dereque"]
[Black "Chang, Eddie"]
[Result "0-1"]
[WhiteElo "2035"]
[BlackElo "1842"]
[PlyCount "70"]
[EventDate "2008.02.??"]
[Source "Harrison"]
[SourceDate "2008.03.19"]

1. d4 d5 2. c4 e6 3. Nc3 Nf6 4. Nf3 c6 5. e3 Nbd7 6. Qc2 Bd6 7. Bd3 dxc4 8.
Bxc4 b5 9. Be2 Bb7 10. O-O O-O 11. Rd1 a6 12. e4 Bc7 13. Bg5 Qb8 14. e5 Nd5 15.
Nxd5 cxd5 16. Bd3 g6 17. h4 Rc8 18. Qd2 h5 19. Be7 Kg7 20. Bf6+ Nxf6 21. exf6+
Kxf6 22. Qg5+ Kg7 23. Bxg6 Bf4 24. Qe7 Rc7 25. Qa3 Kxg6 26. Rd3 Qc8 27. Ne5+
Bxe5 28. dxe5 Rc1+ 29. Kh2 Rc4 30. Qe7 Qd8 31. Qxb7 Rxh4+ 32. Kg1 Rf4 33. Rg3+
Kh6 34. Rc1 h4 35. Re3 Qg8 0-1

[Event "Invitational"]
[Site "Seattle"]
[Date "2008.02.16"]
[Round "6"]
[White "Smith, Allen S"]
[Black "Bartron, Paul"]
[Result "1/2-1/2"]
[WhiteElo "1998"]
[BlackElo "2106"]
[PlyCount "114"]
[EventDate "2008.02.??"]
[Source "Harrison"]
[SourceDate "2008.03.19"]

1. e4 d5 2. exd5 Qxd5 3. Nc3 Qa5 4. d4 c6 5. Nf3 Bg4 6. h3 Bh5 7. g4 Bg6 8. Ne5
Be4 9. Nc4 Qb4 10. f3 Bd5 11. a3 Qxc4 12. Bxc4 Bxc4 13. f4 e6 14. b3 Ba6 15.
Ne4 Nd7 16. Bb2 Ngf6 17. Qf3 Nxe4 18. Qxe4 Nf6 19. Qe5 O-O-O 20. c4 Bd6 21. Qe3
Rhe8 22. O-O-O b6 23. Qf3 Bb7 24. Rhe1 c5 25. d5 exd5 26. Bxf6 gxf6 27. Rxe8
Rxe8 28. cxd5 Ba6 29. Rd2 Re1+ 30. Kb2 c4 31. Rc2 Bc5 32. d6 Bd4+ 33. Rc3 Kd7
34. Kc2 Rf1 35. Qe4 cxb3+ 36. Kxb3 Bxc3 37. Qe7+ Kc6 38. Kxc3 Rf3+ 39. Kb2 Rf2+
40. Kc3 Rf3+ 41. Kd4 Rd3+ 42. Ke4 Rxd6 43. Qxf7 Bd3+ 44. Ke3 a5 45. f5 b5 46.
Qa7 a4 47. Qxh7 Bc4 48. Qe7 b4 49. Qe8+ Kc5 50. Qc8+ Kb5 51. Qb7+ Rb6 52. Qd7+
Rc6 53. axb4 a3 54. Qb7+ Rb6 55. Qa7 a2 56. Qa5+ Kc6 57. Qa8+ Kc7 1/2-1/2

[Event "Invitational"]
[Site "Seattle"]
[Date "2008.02.16"]
[Round "6"]
[White "Cloy, Elston"]
[Black "Kolde, Sterling"]
[Result "0-1"]
[WhiteElo "1958"]
[BlackElo "1825"]
[PlyCount "102"]
[EventDate "2008.02.??"]
[Source "Harrison"]
[SourceDate "2008.03.19"]

1. e4 e5 2. Nf3 Nc6 3. Bb5 a6 4. Ba4 Nf6 5. O-O Be7 6. Re1 b5 7. Bb3 d6 8. c3
O-O 9. h3 Bb7 10. d4 Re8 11. Ng5 Rf8 12. Nf3 Re8 13. Nbd2 Bf8 14. a3 h6 15. Bc2
Nb8 16. b4 Nbd7 17. Bb2 g6 18. Rc1 Bg7 19. Bb1 Rc8 20. a4 Nh5 21. axb5 axb5 22.
Bd3 c6 23. g3 Qb6 24. Nf1 c5 25. bxc5 dxc5 26. d5 c4 27. Bc2 Nc5 28. Ne3 f5 29.
exf5 e4 30. Nd4 Nf6 31. Ne6 Nd3 32. Bxd3 exd3 33. Nf4 g5 34. Ne6 Nxd5 35. Ng4
Qc6 36. f3 Qd6 37. Kh2 Ra8 38. Nxg7 Kxg7 39. Ra1 Rxe1 40. Qxe1 Rxa1 41. Bxa1
Bc8 42. Qe4 Nf6 43. Nxf6 Kxf6 44. Qe8 d2 45. Qg6+ Ke7 46. f4 Kd7 47. Qf7+ Kc6
48. Qe8+ Bd7 49. Qa8+ Kb6 50. Qd8+ Kb7 51. Qg8 d1=Q 0-1

[Event "Invitational"]
[Site "Seattle"]
[Date "2008.02.17"]
[Round "7"]
[White "Kolde, Sterling"]
[Black "Do, Nhon"]
[Result "0-1"]
[WhiteElo "1825"]
[BlackElo "2103"]
[PlyCount "68"]
[EventDate "2008.02.??"]
[Source "Harrison"]
[SourceDate "2008.03.19"]

1. e4 g6 2. d4 Bg7 3. Nc3 c5 4. dxc5 Qa5 5. Bd2 Qxc5 6. Nd5 Na6 7. Nf3 Bxb2 8.
Rb1 Bg7 9. Rb5 Qc6 10. Rb3 Nf6 11. Bb5 Qe6 12. Ng5 Qd6 13. Qf3 O-O 14. h4 h5
15. Bxa6 Nxd5 16. Bc4 Nf6 17. Bb4 Qe5 18. O-O d6 19. Qd3 Nd7 20. Bc3 Qf4 21.
Bxg7 Kxg7 22. g3 Qf6 23. f4 Nc5 24. e5 dxe5 25. Qd5 Nxb3 26. fxe5 Qb6+ 27. Kh2
f6 28. axb3 Bf5 29. Rxf5 gxf5 30. Ne6+ Kh7 31. Qf3 Kh6 32. Qf4+ Kg6 33. Qf3
fxe5 34. Be2 Rh8 0-1

[Event "Invitational"]
[Site "Seattle"]
[Date "2008.02.17"]
[Round "7"]
[White "Calpo, Ben"]
[Black "Cloy, Elston"]
[Result "1/2-1/2"]
[WhiteElo "2018"]
[BlackElo "1958"]
[PlyCount "57"]
[EventDate "2008.02.??"]
[Source "Harrison"]
[SourceDate "2008.03.19"]

{Thanks to Elston for his help in remembering the moves.} 1. e4 e5 2. Nf3 Nc6
3. Bc4 Nf6 4. d4 exd4 5. e5 d5 6. Bb5 Ne4 7. Nxd4 Bc5 8. O-O O-O 9. Nxc6 bxc6
10. Bd3 Qh4 11. Bxe4 Qxe4 12. Re1 Qh4 13. Qf3 Bg4 14. Qg3 Qxg3 15. hxg3 Rab8
16. Nd2 f6 17. e6 Rfe8 18. Nb3 Bd6 19. Be3 Rxe6 20. c3 Ree8 21. f3 Bxg3 22.
fxg4 Bxe1 23. Rxe1 c5 24. Nxc5 Rxb2 25. a4 Kf7 26. Bf2 Rxe1+ 27. Bxe1 Ke7 28.
Bf2 Kd6 29. Bd4 1/2-1/2

[Event "Invitational"]
[Site "Seattle"]
[Date "2008.02.17"]
[Round "7"]
[White "Bartron, Paul"]
[Black "Gale, Geoff"]
[Result "0-1"]
[WhiteElo "2106"]
[BlackElo "2042"]
[PlyCount "152"]
[EventDate "2008.02.??"]
[Source "Harrison"]
[SourceDate "2008.03.19"]

1. e4 c5 2. Nf3 Nc6 3. d4 cxd4 4. Nxd4 Nf6 5. Nc3 e6 6. Nxc6 bxc6 7. e5 Nd5 8.
Ne4 Qa5+ 9. Bd2 Qb6 10. c4 Qd4 11. Nd6+ Bxd6 12. exd6 Qe4+ 13. Qe2 Nf6 14. Bc3
Qf4 15. Qe5 Qxe5+ 16. Bxe5 c5 17. Bd3 Bb7 18. f3 Kf8 19. O-O-O Ne8 20. Rhe1 f6
21. Bg3 Kf7 22. Kc2 Rc8 23. Kc3 a5 24. a3 h5 25. h3 h4 26. Bh2 Rh5 27. Be4 Bxe4
28. Rxe4 a4 29. b4 axb3 30. Kxb3 e5 31. f4 Ke6 32. fxe5 Rb8+ 33. Kc2 f5 34. Re3
g5 35. Rd5 Rc8 36. a4 g4 37. Bf4 Ng7 38. a5 Rhh8 39. Ra3 Rc6 40. a6 Nh5 41. Bg5
gxh3 42. gxh3 Ra8 43. a7 Rcc8 44. Be3 Rg8 45. Rxc5 Rg2+ 46. Bd2 Ng3 47. Rca5
Ne4 48. Rd3 f4 49. Rd4 Nxd2 50. Rxd2 f3 51. Kd3 f2 52. Rd1 Rg1 53. Raa1 Rxd1+
54. Rxd1 Rxa7 55. Ke4 Ra2 56. Rf1 Re2+ 57. Kd3 Ra2 58. Kd4 Kf5 59. c5 Ke6 60.
Ke4 Re2+ 61. Kd4 Ra2 62. Ke3 Kxe5 63. Rc1 Rc2 64. Rd1 Ke6 65. Kf3 Rd2 66. Rf1
Kd5 67. Rxf2 Rxf2+ 68. Kxf2 Kxc5 69. Kf3 Kxd6 70. Kg4 Ke5 71. Kxh4 Kf4 72. Kh5
d5 73. Kg6 d4 74. h4 d3 75. h5 d2 76. h6 d1=Q 0-1

[Event "Invitational"]
[Site "Seattle"]
[Date "2008.02.17"]
[Round "7"]
[White "Chang, Eddie"]
[Black "Smith, Allen S"]
[Result "1/2-1/2"]
[WhiteElo "1842"]
[BlackElo "1998"]
[PlyCount "43"]
[EventDate "2008.02.??"]
[Source "Harrison"]
[SourceDate "2008.03.19"]

1. Nf3 d5 2. d4 Nf6 3. c4 c6 4. Nc3 e6 5. Bg5 h6 6. Bh4 dxc4 7. e4 g5 8. Bg3 b5
9. Be2 Bb4 10. Qc2 g4 11. Ne5 Qxd4 12. Rd1 Bxc3+ 13. bxc3 Qxe4 14. Qxe4 Nxe4
15. Bh4 Nd7 16. Nxd7 Bxd7 17. h3 Nxc3 18. Bf6 Nxe2 19. Bxh8 Nf4 20. hxg4 O-O-O
21. Rxh6 Nxg2+ 22. Ke2 1/2-1/2

[Event "Invitational"]
[Site "Seattle"]
[Date "2008.02.17"]
[Round "7"]
[White "Hosford, Michael"]
[Black "Kelley, Dereque"]
[Result "0-1"]
[WhiteElo "1883"]
[BlackElo "2010"]
[Annotator "Dereque Kelley"]
[PlyCount "72"]
[EventDate "2008.02.??"]
[Source "Harrison"]
[SourceDate "2008.03.19"]

{C00: French: Unusual White 2nd moves} 1. e4 c5 2. Nf3 e6 3. Qe2 Nc6 4. g3 g6
5. Bg2 Bg7 6. O-O Nge7 7. d3 O-O 8. c3 d6 9. Nh4 e5 {I was aware that Michael
would probably choose this setup in our game (though I did not count on 9.Nh4).
However, it seems to me that Black achieves a very easy to play setup and the
queen's placement on e2 contributes to neglect of other aspects of queenside
development.} 10. f4 f5 11. fxe5 Nxe5 12. Bg5 $6 (12. Nd2 $5 $11) 12... Nf7 $15
{I do not believe Michael anticipated this move. It is somewhat strange to
move the knight away from its outpost but here the tempo that it wins is very
helpful to Black for pursuing an initiative.} (12... h6 $2 13. Bxe7 Qxe7 14. d4
$1 $16) 13. Be3 fxe4 $1 14. dxe4 {Now the whole of Black's play centers around
blockading the e4-pawn and taking advantage of the outpost created on e5.
White finds himself in a miserable situation for many moves to come.} (14. Bxe4
d5 15. Bg2 d4 16. cxd4 cxd4 {also leads to difficulties for White, though I
believed during the game that this was a better solution than creating the
long-term weakness on e4.}) 14... Ne5 15. Rxf8+ Qxf8 16. h3 N7c6 17. Nd2 Be6
18. Rf1 Qe7 {The f-file means very little in this position.} 19. a3 Qd7 20. Kh2
Re8 21. Rd1 Qc7 22. Nhf3 h6 23. Nh4 {White continues to try to provoke Black
in some manner but it is very difficult for White to improve his position. In
the mean-time, Black is planning either a frontal atack on e4 or to break with
...d5 at the appropiate time.} b6 24. Ndf3 Bf7 25. Nxe5 Nxe5 26. Bf4 Kh7 27.
Qf2 Bb3 $1 $17 {It is time for Black to disrupt White's position.} 28. Rd2 $6 (
28. Rf1 $5) 28... Rf8 29. Qe2 Be6 $5 (29... Nc4 $5 30. Rd5 g5 {wins a piece
but I decided that I did not wish to give White the opportunity to launch a
desperateattack} (30... Qe7 $17 {is even better}) 31. Bxg5 hxg5 32. Rxg5 {
leaves White ahead material but feels White's heart with too much hope because
of the exposedking}) 30. Nf3 Nf7 $6 (30... Nc4 {was indicated}) 31. e5 $2 {
In time pressure and sensing his only opportunity - White enthusiastically
pushes the e-pawn which has long been the source of his troubles, however it
is Black who benefits both from the lost pawn and the sudden opening of the
position.} (31. Qd3 $5 {minimizes damages}) 31... dxe5 32. Be3 Nd6 33. Bg1 Nf5
(33... e4 $1 {is even stronger}) 34. Qe4 Nxg3 $1 35. Qh4 (35. Kxg3 Bf5 {
followed by e4}) 35... Rxf3 $1 36. Bxf3 (36. Qd8 Qf7 37. Rd3 Nf1+ 38. Kh1 Rxd3
39. Qxd3 Bc4 $19) 36... e4 0-1

[Event "Invitational"]
[Site "Seattle"]
[Date "2008.02.17"]
[Round "8"]
[White "Gale, Geoff"]
[Black "Chang, Eddie"]
[Result "1-0"]
[WhiteElo "2042"]
[BlackElo "1842"]
[PlyCount "49"]
[EventDate "2008.02.??"]
[Source "Harrison"]
[SourceDate "2008.03.19"]

1. e4 e6 2. d4 d5 3. Nc3 Nf6 4. e5 Nfd7 5. f4 c5 6. Nf3 Nc6 7. Be3 cxd4 8. Nxd4
Bc5 9. Qd2 O-O 10. O-O-O a6 11. Qf2 Bxd4 12. Bxd4 b5 13. Bd3 b4 14. Ne2 a5 15.
Rhe1 Ba6 16. g4 Qc7 17. Qh4 g6 18. Bxa6 Rxa6 19. Rd3 Rc8 20. Kb1 Ncxe5 21. Rh3
Qxc2+ 22. Ka1 Nf8 23. Bxe5 Qxe2 24. Rb1 Nd7 25. Qxh7+ 1-0

[Event "Invitational"]
[Site "Seattle"]
[Date "2008.02.18"]
[Round "8"]
[White "Kelley, Dereque"]
[Black "Smith, Allen S"]
[Result "1/2-1/2"]
[WhiteElo "2035"]
[BlackElo "1998"]
[PlyCount "84"]
[EventDate "2008.02.??"]
[Source "Harrison"]
[SourceDate "2008.03.19"]

1. d4 d5 2. c4 c6 3. Nf3 Nf6 4. Nc3 e6 5. e3 Nbd7 6. Qc2 Be7 7. b3 O-O 8. Bd3
b6 9. O-O Bb7 10. Bb2 c5 11. cxd5 exd5 12. Rfd1 cxd4 13. Nxd4 Nc5 14. Bf5 g6
15. Bh3 a6 16. Rac1 Bd6 17. b4 Ncd7 18. Qb3 Qe7 19. a3 Qe5 20. Nf3 Qh5 21. Bxd7
Nxd7 22. Nxd5 Rad8 23. Rc7 Bxd5 24. Rxd5 Ne5 25. Nxe5 Bxc7 26. Rxd8 Bxd8 27. f3
Qf5 28. Ng4 Qg5 29. g3 h5 30. h4 Qb5 31. Nh6+ Kh7 32. Nxf7 Qd7 33. Nxd8 Rxd8
34. Bd4 Rf8 35. Kg2 Qc6 36. e4 b5 37. Bc5 Rf6 38. Qd3 Qe6 39. Qd5 Qf7 40. Qxf7+
Rxf7 41. e5 Rd7 42. Bd6 Kg7 1/2-1/2

[Event "Invitational"]
[Site "Seattle"]
[Date "2008.02.17"]
[Round "8"]
[White "Cloy, Elston"]
[Black "Bartron, Paul"]
[Result "0-1"]
[WhiteElo "1958"]
[BlackElo "2106"]
[PlyCount "138"]
[EventDate "2008.02.??"]
[Source "Harrison"]
[SourceDate "2008.03.19"]

1. d4 Nf6 2. c4 e6 3. Nc3 d5 4. Bg5 Be7 5. cxd5 Nxd5 6. Bxe7 Qxe7 7. e4 Nxc3 8.
bxc3 c5 9. Nf3 Nc6 10. Be2 cxd4 11. cxd4 Qb4+ 12. Qd2 Bd7 13. Qxb4 Nxb4 14. O-O
Bc6 15. Rab1 Nxa2 16. Bb5 Nc3 17. Bxc6+ bxc6 18. Ra1 Ke7 19. Rfe1 Rhc8 20. Ra3
Nb5 21. Ra6 Rab8 22. d5 Rb6 23. Rxb6 axb6 24. dxc6 Rxc6 25. Ne5 Rc3 26. Kf1 f6
27. Nf3 e5 28. Rb1 Rc5 29. Ne1 Nc3 30. Rxb6 Nxe4 31. Rb7+ Kf8 32. f3 Nd6 33.
Ra7 Nf5 34. Rb7 Nd4 35. Ra7 Ne6 36. Rb7 Rc7 37. Rb6 Kf7 38. Ra6 h5 39. Rb6 g5
40. Rb4 f5 41. Ke2 Kf6 42. Rb6 f4 43. Kf2 Kf5 44. Rb5 Nd4 45. Rb8 Ra7 46. Rf8+
Kg6 47. Rg8+ Kf6 48. Rf8+ Kg7 49. Re8 Ra2+ 50. Kf1 Nf5 51. Rb8 Ne3+ 52. Kg1 Re2
53. Rb1 Kf6 54. g3 g4 55. gxf4 exf4 56. fxg4 hxg4 57. Nd3 f3 58. Nf2 Kg5 59.
Rb5+ Kh4 60. Rb1 Nd5 61. Rc1 Nf4 62. Ra1 Nh3+ 63. Nxh3 Kxh3 64. Ra8 Rg2+ 65.
Kf1 Kxh2 66. Rh8+ Kg3 67. Rb8 Ra2 68. Ke1 Kg2 69. Rg8 f2+ 0-1

[Event "Invitational"]
[Site "Seattle"]
[Date "2008.02.18"]
[Round "8"]
[White "Do, Nhon"]
[Black "Calpo, Ben"]
[Result "1-0"]
[WhiteElo "2103"]
[BlackElo "2018"]
[PlyCount "115"]
[EventDate "2008.02.??"]
[Source "Harrison"]
[SourceDate "2008.03.19"]

1. Nf3 Nf6 2. c4 g6 3. Nc3 Bg7 4. e4 d6 5. d4 O-O 6. Be2 Nbd7 7. O-O e5 8. dxe5
dxe5 9. Bg5 h6 10. Bh4 c6 11. Qc2 Qc7 12. Rfd1 Re8 13. b4 Nf8 14. Ne1 Ne6 15.
Bg3 Nf4 16. Bf1 N6h5 17. Rac1 Nxg3 18. hxg3 Ne6 19. Qb1 Nd4 20. Nc2 Bg4 21. Rd3
Rad8 22. Ne3 h5 23. c5 Bh6 24. Ncd1 Be2 25. Ra3 a6 26. Nb2 Qe7 27. Re1 Bxf1 28.
Nxf1 Nb5 29. Rf3 Rd4 30. a4 Nc7 31. Rb3 Red8 32. Nd3 Bg7 33. Nh2 Qd7 34. Nb2
Qe6 35. Qc2 Qe7 36. Nf3 Ne6 37. Nc4 Qc7 38. Nd6 Qe7 39. Qc1 R8xd6 40. cxd6 Rxd6
41. Qc4 Qd7 42. b5 axb5 43. axb5 Nd4 44. Nxd4 Rxd4 45. bxc6 bxc6 46. Qc5 Qe6
47. Rb8+ Kh7 48. Rb7 g5 49. Ra1 h4 50. gxh4 gxh4 51. Ra3 Rd1+ 52. Kh2 Bh6 53.
Rf3 Kg6 54. Rbxf7 Bg7 55. Qa7 Bh6 56. Qb8 Bf4+ 57. R3xf4 exf4 58. Qg8+ 1-0

[Event "Invitational"]
[Site "Seattle"]
[Date "2008.02.18"]
[Round "9"]
[White "Smith, Allen S"]
[Black "Gale, Geoff"]
[Result "0-1"]
[WhiteElo "1998"]
[BlackElo "2042"]
[PlyCount "72"]
[EventDate "2008.02.??"]
[Source "Harrison"]
[SourceDate "2008.03.19"]

1. e4 c5 2. d4 cxd4 3. c3 dxc3 4. Nxc3 Nc6 5. Nf3 a6 6. Bc4 e6 7. O-O Nge7 8.
Bf4 Ng6 9. Bg3 Be7 10. a3 d6 11. b4 Nge5 12. Ba2 O-O 13. Nd2 Bf6 14. Qc1 Nd4
15. Bb1 Bd7 16. Kh1 Rc8 17. Qb2 Nb5 18. Nxb5 Bxb5 19. Rd1 Nc4 20. Qa2 Nxd2 21.
e5 dxe5 22. Be4 Nxe4 23. Rxd8 Rfxd8 24. Re1 Nc3 25. Qa1 e4 26. Qc1 Bd4 27. Qg5
f5 28. Qe7 Re8 29. Qxb7 h6 30. h4 e5 31. f4 Ne2 32. Bh2 exf4 33. Qd5+ Kh8 34.
Qxf5 Ng3+ 35. Bxg3 fxg3 36. Qf4 Bf2 0-1

[Event "Invitational"]
[Site "Seattle"]
[Date "2008.02.18"]
[Round "9"]
[White "Calpo, Ben"]
[Black "Hosford, Michael"]
[Result "0-1"]
[WhiteElo "2018"]
[BlackElo "1878"]
[PlyCount "84"]
[EventDate "2008.02.??"]
[Source "Harrison"]
[SourceDate "2008.03.19"]

1. e4 g6 2. d4 Bg7 3. Bc4 d6 4. c3 e6 5. Bb3 Nd7 6. Nf3 h6 7. O-O Ne7 8. h3 b6
9. Bf4 Bb7 10. Re1 O-O 11. Nbd2 Kh7 12. Nf1 e5 13. Bh2 Nc6 14. Qd2 Na5 15. Bc2
Qe7 16. Bg3 c5 17. Ne3 cxd4 18. cxd4 Rac8 19. b3 Rfd8 20. Bh4 f6 21. Rad1 h5
22. g4 Bh6 23. Qd3 Bxe3 24. Rxe3 g5 25. gxh5 Nc6 26. Bb1 gxh4 27. Nxh4 Rg8+ 28.
Rg3 Nxd4 29. Ng6 Qf7 30. Kh2 Nc5 31. Qe3 Nce6 32. h4 Ba6 33. f3 Rc7 34. Rg2
Rgc8 35. Rdg1 Rc3 36. Qf2 Nxf3+ 37. Kh1 Nxg1 38. Qf5 Nd4 39. Nf8+ Kh8 40. Ng6+
Qxg6 41. Qxg6 Rh3+ 42. Kxg1 (42. Rh2 Rxh2+ 43. Kxh2 Ngf3+ 44. Kh3 Bf1+ 45. Kg3
Rg8) 42... Rc1+ (42... Rc1+ 43. Kf2 Rf1#) 0-1

[Event "Invitational"]
[Site "Seattle"]
[Date "2008.02.19"]
[Round "9"]
[White "Bartron, Paul"]
[Black "Do, Nhon"]
[Result "1-0"]
[WhiteElo "2106"]
[BlackElo "2103"]
[Annotator "Bartron"]
[PlyCount "97"]
[EventDate "2008.02.??"]
[Source "Harrison"]
[SourceDate "2008.03.19"]

1. e4 d6 2. d4 Nf6 3. Nc3 g6 4. Nf3 Bg7 5. h3 O-O 6. Be3 c6 7. Qd2 b5 8. a3 a5
9. Bd3 Nbd7 10. O-O Bb7 11. Bh6 b4 12. Na4 c5 13. Bxg7 Kxg7 14. Rfe1 c4 15.
Bxc4 Nxe4 16. Qe3 Qc7 17. Bd3 Ndf6 18. c4 bxc3 19. Nxc3 Nxc3 20. bxc3 Nd5 21.
Qd2 Nxc3 22. Rec1 $6 (22. Rac1 $142 Rfc8 23. Rc2 Bxf3 24. gxf3 Qb7 25. Rxc3
Rxc3 26. Qxc3 Qxf3 27. Re3 $18) 22... Rfc8 23. Rc2 Bxf3 24. gxf3 Qb7 25. Rxc3
Rxc3 26. Qxc3 Qxf3 27. d5+ Kg8 28. Re1 Qxh3 29. Rxe7 Rc8 30. Qd2 Qg4+ 31. Kf1
Qh3+ 32. Ke1 Qh1+ 33. Bf1 Rb8 34. Qd3 Qh4 35. Re4 Qf6 36. Be2 Qg5 37. Kf1 Rc8
38. Rc4 Re8 39. Bd1 Qe5 $2 40. Qe2 f5 41. Qxe5 Rxe5 42. Ra4 g5 (42... Rxd5 43.
Bb3) 43. Rxa5 g4 44. Ra6 h5 45. Rxd6 f4 46. a4 f3 47. a5 Re4 48. a6 Rd4 49. Bc2
{and the pawn goes in.} 1-0

[Event "Invitational"]
[Site "Seattle"]
[Date "2008.02.18"]
[Round "9"]
[White "Kolde, Sterling"]
[Black "Kelley, Dereque"]
[Result "1/2-1/2"]
[WhiteElo "1825"]
[BlackElo "2035"]
[PlyCount "64"]
[EventDate "2008.02.??"]
[Source "Harrison"]
[SourceDate "2008.03.19"]

1. e4 c5 2. Nc3 Nc6 3. Nge2 e5 4. Nd5 d6 5. Nec3 Nge7 6. d3 Nxd5 7. Nxd5 Be6 8.
g3 g6 9. Bg2 Bg7 10. O-O O-O 11. c3 Qd7 12. Be3 Rae8 13. Qd2 f5 14. f4 Kh8 15.
Rae1 exf4 16. gxf4 Ne7 17. Nxe7 Rxe7 18. a3 fxe4 19. dxe4 Bc4 20. Rf2 Bf6 21.
e5 Bh4 22. exd6 Bxf2+ 23. Kxf2 Ref7 24. Bxc5 Rxf4+ 25. Kg1 b6 26. Be3 Rg4 27.
h3 Rxg2+ 28. Kxg2 Be6 29. Kh2 Kg8 30. Bh6 Rf3 31. Re3 Rxe3 32. Qxe3 Qxd6+
1/2-1/2

[Event "Invitational"]
[Site "Seattle"]
[Date "2008.02.18"]
[Round "9"]
[White "Chang, Eddie"]
[Black "Cloy, Elston"]
[Result "1/2-1/2"]
[WhiteElo "1842"]
[BlackElo "1958"]
[PlyCount "47"]
[EventDate "2008.02.??"]
[Source "Harrison"]
[SourceDate "2008.03.19"]

1. d4 d5 2. c4 c6 3. Nf3 Nf6 4. Nc3 e6 5. Bg5 dxc4 6. e4 b5 7. e5 h6 8. Bh4 g5
9. Nxg5 hxg5 10. Bxg5 Nbd7 11. g3 Qb6 12. exf6 Bb7 13. Bg2 O-O-O 14. O-O c5 15.
d5 b4 16. Rb1 Qa6 17. dxe6 Bxg2 18. e7 Bxf1 19. Kxf1 Qc6 20. exd8=Q+ Kxd8 21.
Nd5 Rxh2 22. Kg1 Rh8 23. Qf3 Bd6 24. Rd1 1/2-1/2